000 00578nam a22001817a 4500
999 _c174377
_d174377
005 20200610160658.0
010 _aENG-128187
020 _c250.00
_a9789353222369
035 _aEN-111719
037 _bDBAD/PUB
082 _a954.035
100 _aSharda, Ratan
245 _aThe Sangh & Swaraj/
_cby Ratan Sharda
_brole of rss in freedom Strugle:
260 _aNew Delhi
_bPrabhat Prakashan
_c2019
270 _a4/19 Asaf Ali Road
_bNew Delhi
_e110002
_k91-11-23289777
_mprabhatbooks@gmail.com
300 _a110p.
_c22cm(hb)
942 _2ddc
_cEN
_h954.035
_mSHA